| 000 | 00780nam a2200265 u 4500 | ||
|---|---|---|---|
| 001 | 000061422 | ||
| 005 | 20200120224023.0 | ||
| 008 | 100629s2013 ck jr| 000 f spa | ||
| 020 | _a9789584237217 | ||
| 020 | _a9584237217 | ||
| 043 | _ac-k---- | ||
| 090 |
_aJN _bKAWr |
||
| 100 | 1 |
_aKawabata, Yasunari _d1899-1972 |
|
| 245 | 1 | 0 |
_aEl rumor de la montaña / _cYasunari Kawabata ; traductor de Amilia Sato. |
| 250 | _a1a. ed. | ||
| 260 |
_aBogotá : _bEmecé Editores, _c2013. |
||
| 300 |
_a315 p. ; _c20 cm. |
||
| 650 | 1 | 7 |
_aLiteratura japonesa _ySiglo XX |
| 650 | 2 | 7 | _aNovela japonesa |
| 650 | 2 | 7 | _aNovela juvenil japonesa |
| 650 | 2 | 7 | _aLiteratura juvenil |
| 650 | 1 | 4 | _aÉtica en la literatura |
| 650 | 2 | 7 | _aFamilia en la literatura |
| 700 | 1 |
_aSato, Amilia _etraductor |
|
| 999 |
_c7771 _d7771 |
||